Word Ladder: Batman Quiz Stats

 Plays Quiz Updated Jun 10, 2017

Support Sporcle.
Go Orange.
Score 0/18 Timer 03:00
0 Plays Today
Clue Answer % Correct
Homer's sonBART
82.6%
Rickman or AldaALAN
80.8%
•1960s Batman portrayer (first name)••ADAM•
74%
•1960s Batman portrayer (last name)••WEST•
73.4%
Matchbox 20 hitBENT
72.7%
Pitcher's plate choice, oftenBUNT
69.4%
•1960's Robin portrayer (first name)••BURT•
66.1%
DepartedWENT
66%
PoetBARD
64.9%
Clue Answer % Correct
Marshall ____PLAN
62.9%
Where the early bird takes the wormNEST
60.9%
Cool or tidyNEAT
58.5%
Theater unitSEAT
58.1%
Piece of wood under your mattressSLAT
53.4%
Plot or map of groundPLAT
46.5%
•1960's Robin portrayer (last name)••WARD•
43.8%
Twelfth month of the Jewish calendarADAR
28.2%
Fruit spray no longer in useALAR
27%

Today's Daily Dose

Missing Word
'Y-Z' Pairs

Quick Pick
MCU Directors

You're not logged in!

Compare scores with friends on all Sporcle quizzes.
OR
Log In
Forgot?

From the Vault

Blitz: Name a Movie Sequel...

by DarkPhalanx

Try adding a number after the title, it normally helps.
Remove Ads.
Support Sporcle.
Get the best of Sporcle when you Go Orange. This ad-free experience offers more features, more stats, and more fun while also helping to support Sporcle. Thank you for becoming a member.

Show Comments

Extras

Top Quizzes Today


Score Distribution

Your Account Isn't Verified!

In order to create a playlist on Sporcle, you need to verify the email address you used during registration. Go to your Sporcle Settings to finish the process.

Report this User

Report this user for behavior that violates our Community Guidelines.

Details: